[Event "Thanksgiving op"]
[Site "Winnipeg CAN"]
[Date "2000.10.15"]
[Round "4"]
[White "Czarny, Keith"]
[Black "Mundwiler, Les"]
[Result "0-1"]
[WhiteElo "1684"]
[BlackElo "2035"]
[PlyCount "84"]
[GameId "2160767911644186"]
[EventDate "2000.10.??"]
[EventType "swiss"]
[EventRounds "5"]
[EventCountry "CAN"]
[SourceTitle "EXT 2005"]
[Source "ChessBase"]
[SourceDate "2004.11.15"]
[SourceVersion "1"]
[SourceVersionDate "2004.11.15"]
[SourceQuality "1"]

1. Nf3 d5 2. d4 g6 3. g3 Bg7 4. Bg2 Nf6 5. O-O c6 6. Nc3 h6 7. Re1 Ne4 8. Be3 Nd7 9. Nd2 f5 10. Nf3 O-O 11. Qc1 Kh7 12. h4 Ndf6 13. Nd1 Ng4 14. c3 Be6 15. Bf4 Qd7 16. Ne5 Nxe5 17. dxe5 Nc5 18. Ne3 Na6 19. Nc2 Rf7 20. Nd4 Nc7 21. b4 Qc8 22. Bf3 Bd7 23. c4 e6 24. h5 g5 25. Bxg5 Bxe5 26. Be3 Qg8 27. Bg2 Qg7 28. Rd1 Rg8 29. Rd3 f4 30. Qb1 fxe3 31. Rxe3+ Kh8 32. Rxe5 Qxe5 33. Nf3 Qxe2 34. Qc1 Rf6 35. Qc3 Rgf8 36. Re1 Qxc4 37. Qe3 d4 38. Qe5 Nd5 39. Nh4 Be8 40. Be4 Qxa2 41. Ng6+ Bxg6 42. hxg6 Qxf2+ 0-1

[Event "Thanksgiving op"]
[Site "Winnipeg CAN"]
[Date "2000.10.15"]
[Round "4"]
[White "Gentes, Kevin"]
[Black "Gibbons, Michael"]
[Result "1-0"]
[WhiteElo "2344"]
[BlackElo "2116"]
[PlyCount "41"]
[GameId "2160767911644187"]
[EventDate "2000.10.??"]
[EventType "swiss"]
[EventRounds "5"]
[EventCountry "CAN"]
[SourceTitle "EXT 2005"]
[Source "ChessBase"]
[SourceDate "2004.11.15"]
[SourceVersion "1"]
[SourceVersionDate "2004.11.15"]
[SourceQuality "1"]

1. d4 d6 2. c4 g6 3. Nc3 Bg7 4. Nf3 Nf6 5. Bf4 Nbd7 6. h3 O-O 7. e3 c6 8. Be2 a6 9. a4 Qa5 10. O-O e5 11. Bh2 Re8 12. Rb1 Qd8 13. dxe5 Nxe5 14. Nxe5 dxe5 15. Qxd8 Rxd8 16. Bxe5 Bf5 17. Rbd1 Bc2 18. Rxd8+ Rxd8 19. Bd4 c5 20. Bxc5 Rd2 21. Bf3 1-0

[Event "Thanksgiving op"]
[Site "Winnipeg CAN"]
[Date "2000.10.15"]
[Round "4"]
[White "Gustafson, Dale"]
[Black "Kaptsan, Aron"]
[Result "0-1"]
[WhiteElo "1947"]
[BlackElo "2122"]
[PlyCount "60"]
[GameId "2160767911644188"]
[EventDate "2000.10.??"]
[EventType "swiss"]
[EventRounds "5"]
[EventCountry "CAN"]
[SourceTitle "EXT 2005"]
[Source "ChessBase"]
[SourceDate "2004.11.15"]
[SourceVersion "1"]
[SourceVersionDate "2004.11.15"]
[SourceQuality "1"]

1. d4 d5 2. Nf3 Nf6 3. g3 c6 4. Bg2 Bf5 5. O-O e6 6. c3 Nbd7 7. Nbd2 h6 8. a4 Be7 9. Qb3 b6 10. Re1 O-O 11. c4 Rc8 12. Nf1 dxc4 13. Qxc4 c5 14. Bf4 cxd4 15. Qa6 Nd5 16. Rac1 Nc5 17. Qc4 Nxf4 18. gxf4 Bf6 19. Ng3 Ne4 20. Qb5 Nxg3 21. hxg3 Be4 22. Red1 Rxc1 23. Rxc1 Qa8 24. Ne1 Bxg2 25. Nxg2 Rc8 26. Rxc8+ Qxc8 27. Kh2 Qc7 28. Ne1 e5 29. fxe5 Qxe5 30. Qd3 Qa5 0-1

[Event "Thanksgiving op"]
[Site "Winnipeg CAN"]
[Date "2000.10.15"]
[Round "4"]
[White "Trueman, Francis"]
[Black "Barkman, Daniel"]
[Result "1/2-1/2"]
[WhiteElo "1470"]
[BlackElo "1524"]
[PlyCount "104"]
[GameId "2160767911644189"]
[EventDate "2000.10.??"]
[EventType "swiss"]
[EventRounds "5"]
[EventCountry "CAN"]
[SourceTitle "EXT 2005"]
[Source "ChessBase"]
[SourceDate "2004.11.15"]
[SourceVersion "1"]
[SourceVersionDate "2004.11.15"]
[SourceQuality "1"]

1. Nf3 d5 2. d3 Nf6 3. g3 e6 4. Bg2 Bd6 5. O-O Nc6 6. Re1 Bd7 7. e4 dxe4 8. dxe4 Bc5 9. e5 Nd5 10. c3 O-O 11. Nbd2 a6 12. Ne4 Bb6 13. Bg5 Nce7 14. a3 Ba7 15. h4 h6 16. Bd2 Nf5 17. Nd4 Nxd4 18. cxd4 Bxd4 19. Qg4 Bxe5 20. Nc5 Nf6 21. Qd1 Bxb2 22. Ra2 Bd4 23. Nxb7 Qc8 24. Bb4 c5 25. Rc2 Ba4 26. Ree2 Rb8 27. Nd6 Qc7 28. Qxd4 Bxc2 29. Rxc2 cxd4 30. Rxc7 Ne8 31. Nxe8 Rfxe8 32. Ra7 d3 33. Bf3 Rbc8 34. Rd7 Red8 35. Rxd8+ Rxd8 36. Kf1 f5 37. Bd1 Kf7 38. Ke1 Kf6 39. f4 d2+ 40. Bxd2 Rd3 41. a4 Rxg3 42. Ke2 e5 43. fxe5+ Kxe5 44. Ba5 f4 45. Kf2 g5 46. h5 Kf5 47. Be2 Ra3 48. Bxa6 Rxa4 49. Bc8+ Kf6 50. Bc3+ Kf7 51. Be5 Ra2+ 52. Kf3 Ra4 1/2-1/2

[Event "Thanksgiving op"]
[Site "Winnipeg CAN"]
[Date "2000.10.15"]
[Round "4"]
[White "Vincent, Trevor"]
[Black "Schulz, Waldemar"]
[Result "0-1"]
[WhiteElo "1318"]
[BlackElo "2020"]
[PlyCount "86"]
[GameId "2160767911644190"]
[EventDate "2000.10.??"]
[EventType "swiss"]
[EventRounds "5"]
[EventCountry "CAN"]
[SourceTitle "EXT 2005"]
[Source "ChessBase"]
[SourceDate "2004.11.15"]
[SourceVersion "1"]
[SourceVersionDate "2004.11.15"]
[SourceQuality "1"]

1. c4 Nf6 2. Nc3 d5 3. cxd5 Nxd5 4. g3 g6 5. Bg2 Nxc3 6. bxc3 Bg7 7. Nf3 O-O 8. O-O c5 9. h3 Qc7 10. e3 b6 11. d4 Bb7 12. Nd2 Bxg2 13. Kxg2 Nd7 14. Qf3 Rac8 15. Ba3 Rfe8 16. Rac1 e6 17. Rfe1 Qc6 18. Qxc6 Rxc6 19. Nf3 Rec8 20. Red1 R6c7 21. Bb2 b5 22. Ne1 a5 23. a3 Nb6 24. Nd3 Na4 25. Rb1 c4 26. Nf4 Rb7 27. Ba1 Bf8 28. d5 e5 29. Ne2 Rd8 30. Bb2 Nxb2 31. Rxb2 Bxa3 32. Ra2 b4 33. e4 Kg7 34. cxb4 axb4 35. Rb1 Ra8 36. Rc2 Rc8 37. Ra2 Rbb8 38. f4 f6 39. d6 Rd8 40. Rc2 c3 41. Kf2 Rbc8 42. Ra2 Rxd6 43. Rc2 Rcd8 0-1

[Event "Thanksgiving op"]
[Site "Winnipeg CAN"]
[Date "2000.10.15"]
[Round "4"]
[White "Xia, Yanchong"]
[Black "Gannon, Keith"]
[Result "1-0"]
[WhiteElo "1823"]
[BlackElo "1611"]
[PlyCount "43"]
[GameId "2160767911644191"]
[EventDate "2000.10.??"]
[EventType "swiss"]
[EventRounds "5"]
[EventCountry "CAN"]
[SourceTitle "EXT 2005"]
[Source "ChessBase"]
[SourceDate "2004.11.15"]
[SourceVersion "1"]
[SourceVersionDate "2004.11.15"]
[SourceQuality "1"]

1. e4 e6 2. d4 c5 3. Nf3 Nf6 4. Nc3 Nc6 5. d5 exd5 6. exd5 Qe7+ 7. Be2 Nb4 8. O-O Qd8 9. Re1 Bd6 10. a3 Qa5 11. Bg5 Nxc2 12. Qxc2 Ng4 13. Bc4+ Kf8 14. Nb5 Qb6 15. Qe4 Nf6 16. Bxf6 gxf6 17. Nh4 a6 18. Nf5 Be5 19. Nbd6 Qc7 20. Qg4 Rg8 21. Qh5 Bxd6 22. Qh6+ 1-0

[Event "Thanksgiving op"]
[Site "Winnipeg CAN"]
[Date "2000.10.15"]
[Round "5"]
[White "Barkman, Daniel"]
[Black "Gannon, Keith"]
[Result "1-0"]
[WhiteElo "1524"]
[BlackElo "1611"]
[PlyCount "117"]
[GameId "2160767911644192"]
[EventDate "2000.10.??"]
[EventType "swiss"]
[EventRounds "5"]
[EventCountry "CAN"]
[SourceTitle "EXT 2005"]
[Source "ChessBase"]
[SourceDate "2004.11.15"]
[SourceVersion "1"]
[SourceVersionDate "2004.11.15"]
[SourceQuality "1"]

1. e4 d6 2. Nc3 e5 3. Bc4 Nf6 4. Nf3 Bg4 5. d3 Be7 6. Be3 O-O 7. h3 Bxf3 8. Qxf3 c6 9. Qg3 a6 10. Bh6 Ne8 11. h4 b5 12. Bb3 Nd7 13. O-O Nc5 14. Bg5 Nxb3 15. Bxe7 Qxe7 16. axb3 Nf6 17. Qg5 h6 18. Qf5 Qd7 19. Qxd7 Nxd7 20. Ra5 Ra7 21. Rfa1 Rfa8 22. Na2 c5 23. Nc3 b4 24. Nb5 Rb7 25. Nxd6 Rb6 26. Nc4 Re6 27. c3 bxc3 28. bxc3 f6 29. Kf1 Rc6 30. Ne3 Rb6 31. R1a3 Rab8 32. Rxa6 Rxb3 33. Rxb3 Rxb3 34. Ra8+ Kh7 35. Ra7 Nf8 36. Nd5 Kg8 37. g3 h5 38. Rc7 Ne6 39. Rc6 Kf7 40. Nc7 Nxc7 41. Rxc7+ Kg6 42. Rxc5 Rb6 43. Ke2 Kh6 44. Ke3 g5 45. d4 exd4+ 46. Kxd4 Rb2 47. Rf5 Rd2+ 48. Ke3 Rd6 49. c4 Kg6 50. c5 Re6 51. Kd4 gxh4 52. gxh4 Ra6 53. Kd5 Ra1 54. c6 Rd1+ 55. Kc5 Rc1+ 56. Kd6 Rd1+ 57. Rd5 Rc1 58. Kd7 Rc2 59. c7 1-0

[Event "Thanksgiving op"]
[Site "Winnipeg CAN"]
[Date "2000.10.15"]
[Round "5"]
[White "Boron, Anthony"]
[Black "Vincent, Trevor"]
[Result "1-0"]
[WhiteElo "1941"]
[BlackElo "1318"]
[PlyCount "47"]
[GameId "2160767911644193"]
[EventDate "2000.10.??"]
[EventType "swiss"]
[EventRounds "5"]
[EventCountry "CAN"]
[SourceTitle "EXT 2005"]
[Source "ChessBase"]
[SourceDate "2004.11.15"]
[SourceVersion "1"]
[SourceVersionDate "2004.11.15"]
[SourceQuality "1"]

1. d4 g6 2. e4 Bg7 3. Nf3 d6 4. Be2 c6 5. Be3 Nd7 6. Qd2 Ngf6 7. Nc3 O-O 8. Bh6 Qc7 9. Bxg7 Kxg7 10. h4 h5 11. Ng5 Nb6 12. O-O-O a5 13. f4 e6 14. e5 dxe5 15. fxe5 Nfd5 16. g4 hxg4 17. h5 gxh5 18. Rxh5 Rh8 19. Rxh8 Kxh8 20. Rh1+ Kg7 21. Bxg4 Nc4 22. Qh2 Kf8 23. Qh8+ Ke7 24. Rh7 1-0

[Event "Thanksgiving op"]
[Site "Winnipeg CAN"]
[Date "2000.10.15"]
[Round "5"]
[White "Czarny, Keith"]
[Black "Gustafson, Dale"]
[Result "1-0"]
[WhiteElo "1684"]
[BlackElo "1947"]
[PlyCount "57"]
[GameId "2160767911644194"]
[EventDate "2000.10.??"]
[EventType "swiss"]
[EventRounds "5"]
[EventCountry "CAN"]
[SourceTitle "EXT 2005"]
[Source "ChessBase"]
[SourceDate "2004.11.15"]
[SourceVersion "1"]
[SourceVersionDate "2004.11.15"]
[SourceQuality "1"]

1. Nf3 g6 2. g3 Bg7 3. Bg2 Nc6 4. O-O e5 5. d3 d6 6. c4 h6 7. Nc3 Nge7 8. Re1 Be6 9. Bd2 Qd7 10. Qc1 O-O-O 11. a3 Bh3 12. Bh1 f5 13. b4 g5 14. b5 Nd4 15. Nxd4 exd4 16. Na4 Rdf8 17. c5 d5 18. c6 bxc6 19. bxc6 Nxc6 20. Nc5 Qd6 21. Bb4 Nxb4 22. axb4 f4 23. Rxa7 c6 24. Qa3 fxg3 25. Qa6+ Kd8 26. Nb7+ Kd7 27. Nxd6+ Kxd6 28. hxg3 Bf6 29. Qb7 1-0

[Event "Thanksgiving op"]
[Site "Winnipeg CAN"]
[Date "2000.10.15"]
[Round "5"]
[White "Khedkar, Jay S"]
[Black "Xia, Yanchong"]
[Result "1-0"]
[WhiteElo "1954"]
[BlackElo "1823"]
[PlyCount "29"]
[GameId "2160767911644195"]
[EventDate "2000.10.??"]
[EventType "swiss"]
[EventRounds "5"]
[EventCountry "CAN"]
[SourceTitle "EXT 2005"]
[Source "ChessBase"]
[SourceDate "2004.11.15"]
[SourceVersion "1"]
[SourceVersionDate "2004.11.15"]
[SourceQuality "1"]

1. d4 Nf6 2. c4 e6 3. Nf3 b6 4. g3 Bb7 5. Bg2 Be7 6. Nc3 O-O 7. O-O c5 8. d5 d6 9. e4 a6 10. dxe6 fxe6 11. Ng5 Qd7 12. Bh3 Qc6 13. Bxe6+ Kh8 14. Nf7+ Rxf7 15. Bxf7 1-0

[Event "Thanksgiving op"]
[Site "Winnipeg CAN"]
[Date "2000.10.15"]
[Round "5"]
[White "Mundwiler, Les"]
[Black "Gentes, Kevin"]
[Result "1/2-1/2"]
[WhiteElo "2035"]
[BlackElo "2344"]
[PlyCount "38"]
[GameId "2160767911644196"]
[EventDate "2000.10.??"]
[EventType "swiss"]
[EventRounds "5"]
[EventCountry "CAN"]
[SourceTitle "EXT 2005"]
[Source "ChessBase"]
[SourceDate "2004.11.15"]
[SourceVersion "1"]
[SourceVersionDate "2004.11.15"]
[SourceQuality "1"]

1. d4 Nf6 2. c4 e6 3. Nc3 Bb4 4. Qc2 c5 5. e3 Nc6 6. Nf3 O-O 7. a3 Bxc3+ 8. Qxc3 cxd4 9. exd4 Ne4 10. Qd3 d5 11. Nd2 Nxd2 12. Bxd2 dxc4 13. Qxc4 Qxd4 14. O-O-O Qxf2 15. Bc3 e5 16. Bd3 Be6 17. Qe4 f5 18. Qa4 e4 19. Bc4 Qf4+ 1/2-1/2

[Event "Thanksgiving op"]
[Site "Winnipeg CAN"]
[Date "2000.10.15"]
[Round "5"]
[White "Schulz, Waldemar"]
[Black "Kaptsan, Aron"]
[Result "1/2-1/2"]
[WhiteElo "2020"]
[BlackElo "2112"]
[PlyCount "46"]
[GameId "2160767911644197"]
[EventDate "2000.10.??"]
[EventType "swiss"]
[EventRounds "5"]
[EventCountry "CAN"]
[SourceTitle "EXT 2005"]
[Source "ChessBase"]
[SourceDate "2004.11.15"]
[SourceVersion "1"]
[SourceVersionDate "2004.11.15"]
[SourceQuality "1"]

1. Nf3 f5 2. g3 e6 3. Bg2 d5 4. d4 c6 5. O-O Bd6 6. c4 Nd7 7. Nbd2 Qf6 8. cxd5 exd5 9. Nb3 Ne7 10. Bg5 Qe6 11. Qd2 Ng6 12. Rac1 O-O 13. Nc5 Qf7 14. Nd3 h6 15. Be3 f4 16. gxf4 Nf6 17. Nfe5 Qe8 18. f3 Nh4 19. Bf2 Nxg2 20. Kxg2 Qh5 21. Kh1 Bf5 22. Rg1 Rae8 23. Rg3 Re7 1/2-1/2

[Event "Toronto Class"]
[Site "Toronto CAN"]
[Date "2000.03.10"]
[Round "1"]
[White "Bluvshtein, Mark"]
[Black "Livshits, Ron"]
[Result "1-0"]
[WhiteElo "2264"]
[BlackElo "2523"]
[PlyCount "73"]
[GameId "2160767911732947"]
[EventDate "2000.03.10"]
[EventType "swiss"]
[EventRounds "5"]
[EventCountry "CAN"]
[SourceTitle "CFC 2001.04"]
[Source "CFC"]
[SourceDate "2001.04.??"]
[SourceVersionDate "2001.04.??"]
[SourceQuality "1"]

1. e4 c5 2. Nf3 d6 3. d4 cxd4 4. Nxd4 Nf6 5. Nc3 a6 6. f4 e6 7. Be3 Qc7 8. a4 b6 9. Be2 Bb7 10. Bf3 Nbd7 11. O-O Be7 12. Qe2 Rc8 13. g4 Nc5 14. Bf2 g6 15. g5 Nfd7 16. b4 Nd3 17. Nd5 exd5 18. cxd3 dxe4 19. Bxe4 d5 20. Bf5 Kf8 21. Be6 Re8 22. Qg4 Bxb4 23. Bxd7 Re7 24. Be6 Qd6 25. Bc8 h5 26. Qh3 Ba8 27. f5 Bc5 28. fxg6 Qxg6 29. Ne6+ Ke8 30. Nxc5 bxc5 31. Bxc5 Qxg5+ 32. Qg3 Qxg3+ 33. hxg3 Rc7 34. Rae1+ Kd8 35. Bd4 Rg8 36. Bf5 Rxg3+ 37. Kh2 1-0

[Event "Toronto int"]
[Site "Toronto CAN"]
[Date "2000.08.17"]
[Round "3"]
[White "Alcaide, Florante"]
[Black "Yee, Lorne"]
[Result "1/2-1/2"]
[WhiteElo "2141"]
[BlackElo "2241"]
[PlyCount "79"]
[GameId "2160767911652807"]
[EventDate "2000.08.16"]
[EventType "tourn"]
[EventRounds "9"]
[EventCountry "CAN"]

1. c4 c6 2. e4 d5 3. exd5 cxd5 4. d4 Nf6 5. Nc3 g6 6. Bg5 dxc4 7. Bxc4 Bg7 8. Nf3 O-O 9. O-O Nbd7 10. Qd2 Nb6 11. Bb3 Bd7 12. Rfd1 Bg4 13. Qf4 Qb8 14. Qe3 e6 15. h3 Bxf3 16. Qxf3 Nfd5 17. Nxd5 exd5 18. Bxd5 Nxd5 19. Qxd5 Qc7 20. Rac1 Qb6 21. b3 h6 22. Be3 Rfd8 23. Qc5 Rd7 24. Qxb6 axb6 25. a4 Ra5 26. d5 Raxd5 27. Rxd5 Rxd5 28. Bxb6 Rd3 29. b4 Ra3 30. a5 Rb3 31. Rc4 Be5 32. g3 Bd6 33. Rc8+ Kh7 34. Bd4 g5 35. Bc5 Bxc5 36. bxc5 Rb5 37. c6 bxc6 38. a6 Ra5 39. Rxc6 Ra2 40. Kg2 1/2-1/2

[Event "Toronto int"]
[Site "Toronto CAN"]
[Date "2000.08.17"]
[Round "3"]
[White "Charlton, Glenn"]
[Black "Zybura, Andre"]
[Result "1-0"]
[WhiteElo "2199"]
[BlackElo "2072"]
[PlyCount "49"]
[GameId "2160767911652808"]
[EventDate "2000.08.16"]
[EventType "tourn"]
[EventRounds "9"]
[EventCountry "CAN"]

1. e4 c5 2. Nc3 Nc6 3. f4 g6 4. Nf3 Bg7 5. Bb5 Nd4 6. O-O Nh6 7. d3 Nxb5 8. Nxb5 O-O 9. Qe1 a6 10. Nc3 e6 11. Be3 b6 12. h3 d5 13. Bf2 Bb7 14. e5 Rc8 15. d4 Qd7 16. Rd1 a5 17. dxc5 bxc5 18. Ne4 Ba6 19. Nxc5 Rxc5 20. Bxc5 Rc8 21. Qxa5 Bxf1 22. Rxf1 Nf5 23. c3 Ng3 24. Re1 Qc6 25. Bf2 1-0

[Event "Toronto int"]
[Site "Toronto CAN"]
[Date "2000.08.17"]
[Round "3"]
[White "Hacatoglu, Kevork"]
[Black "Demmery, Steve"]
[Result "1-0"]
[WhiteElo "2215"]
[BlackElo "2134"]
[PlyCount "53"]
[GameId "2160767911652809"]
[EventDate "2000.08.16"]
[EventType "tourn"]
[EventRounds "9"]
[EventCountry "CAN"]

1. e4 d6 2. d4 Nf6 3. Nc3 c6 4. Nf3 Bg4 5. Be2 e6 6. O-O Be7 7. a4 d5 8. e5 Nfd7 9. Bf4 a6 10. Nb1 c5 11. c4 Nc6 12. cxd5 exd5 13. Nc3 Nf8 14. dxc5 d4 15. Nxd4 Bxe2 16. Ncxe2 Ng6 17. Nxc6 bxc6 18. Rc1 Qc7 19. Qd4 O-O 20. Bg3 Qa5 21. f4 Rfd8 22. Qc4 Rd5 23. b4 Qd8 24. a5 Rb8 25. Qe4 Rxb4 26. Qxb4 Bxc5+ 27. Rxc5 1-0

[Event "Toronto int"]
[Site "Toronto CAN"]
[Date "2000.08.17"]
[Round "3"]
[White "Kret, Ted"]
[Black "Gushuliak, Justin"]
[Result "1-0"]
[WhiteElo "2209"]
[BlackElo "2185"]
[PlyCount "80"]
[GameId "2160767911652810"]
[EventDate "2000.08.16"]
[EventType "tourn"]
[EventRounds "9"]
[EventCountry "CAN"]

1. d4 b6 2. c4 e6 3. Nf3 Bb7 4. a3 f5 5. g3 Nf6 6. Bg2 Be7 7. Nc3 O-O 8. d5 exd5 9. cxd5 Na6 10. O-O g6 11. b4 Ne4 12. Nxe4 fxe4 13. Nd4 Bxd5 14. Bf4 c6 15. Nb5 Bg5 16. Bxg5 Qxg5 17. Nc3 Qe5 18. Nxd5 cxd5 19. Rc1 b5 20. Bh3 Rfd8 21. e3 Rab8 22. Qe2 Rb7 23. Rfd1 Rc7 24. Qd2 Rxc1 25. Rxc1 Nc7 26. Rc5 a6 27. Qd4 Qd6 28. Bg4 Kf7 29. h4 Ra8 30. Bd1 Ke7 31. Bb3 Ne6 32. Qxd5 Rf8 33. Qxe4 Qd2 34. Rc2 Qe1+ 35. Kg2 Rf6 36. g4 Kf8 37. g5 Rf7 38. Bxe6 dxe6 39. Rc8+ Ke7 40. Qb7+ Kd6 1-0

[Event "Toronto int"]
[Site "Toronto CAN"]
[Date "2000.08.17"]
[Round "3"]
[White "Mitrovic, Bojana"]
[Black "Furstner, Nandor"]
[Result "1-0"]
[WhiteElo "2057"]
[BlackElo "2098"]
[PlyCount "93"]
[GameId "2160767911652811"]
[EventDate "2000.08.16"]
[EventType "tourn"]
[EventRounds "9"]
[EventCountry "CAN"]

1. Nf3 d5 2. g3 Bg4 3. Bg2 Nd7 4. O-O e6 5. c4 c6 6. b3 Ngf6 7. Bb2 Bd6 8. d3 Bxf3 9. Bxf3 O-O 10. Nd2 Qc7 11. Rc1 Rad8 12. Qc2 h5 13. d4 Qb8 14. e4 dxe4 15. Nxe4 Nxe4 16. Qxe4 g6 17. Qe3 Kh7 18. Qg5 f6 19. Qe3 Rde8 20. Qd3 Kg7 21. Be4 f5 22. Bg2 Kh7 23. Rcd1 Bc7 24. Qd2 Rg8 25. Qg5 Bd8 26. Qd2 Bf6 27. Bc1 g5 28. d5 cxd5 29. cxd5 e5 30. d6 Kg6 31. Qd5 b6 32. Qc6 Rd8 33. Qc7 Rg7 34. Ba3 e4 35. f3 e3 36. Rfe1 f4 37. Qc4 Be5 38. Rd5 Kf6 39. gxf4 gxf4 40. Rxe5 Nxe5 41. Qxf4+ Kg6 42. Qxe5 Re8 43. Qd4 Qc8 44. Rxe3 Reg8 45. Re5 Kh7 46. Rxh5+ Kg6 47. Qg4+ 1-0

[Event "Toronto int"]
[Site "Toronto CAN"]
[Date "2000.08.17"]
[Round "3"]
[White "Mitrovic, Milan"]
[Black "Raheb, David"]
[Result "1-0"]
[WhiteElo "2057"]
[BlackElo "2088"]
[PlyCount "59"]
[GameId "2160767911652812"]
[EventDate "2000.08.16"]
[EventType "tourn"]
[EventRounds "9"]
[EventCountry "CAN"]

1. Nf3 d5 2. g3 Nf6 3. Bg2 Bg4 4. O-O e6 5. c4 c6 6. b3 Nbd7 7. Bb2 Be7 8. d3 O-O 9. Nbd2 b5 10. Rc1 Qb6 11. Rc2 Rfd8 12. Qa1 h6 13. cxb5 cxb5 14. Rfc1 Ne8 15. e4 Qb7 16. Ne5 Nxe5 17. Bxe5 Be2 18. exd5 exd5 19. Rc7 Nxc7 20. Rxc7 Qa6 21. Rxe7 Qa3 22. Rc7 Qa5 23. Nf1 f6 24. Bf4 Bxd3 25. b4 Qxb4 26. Bxh6 Qd6 27. Rxg7+ Kh8 28. Qd4 Bb1 29. Qh4 a5 30. Rb7 1-0

[Event "Toronto int"]
[Site "Toronto CAN"]
[Date "2000.08.17"]
[Round "3"]
[White "Moskvitch, Andrei"]
[Black "Djerkovic, Miladin"]
[Result "1/2-1/2"]
[WhiteElo "2205"]
[BlackElo "2330"]
[PlyCount "54"]
[GameId "2160767911652813"]
[EventDate "2000.08.16"]
[EventType "tourn"]
[EventRounds "9"]
[EventCountry "CAN"]

1. e4 c5 2. Nf3 d6 3. d4 cxd4 4. Nxd4 Nf6 5. Nc3 g6 6. f3 Bg7 7. Be3 Nc6 8. Qd2 O-O 9. O-O-O Nxd4 10. Bxd4 Be6 11. Nd5 Bxd5 12. exd5 Qc7 13. g4 Rac8 14. Bc3 Qc5 15. g5 Nd7 16. Bxg7 Kxg7 17. Bh3 Rc7 18. Bxd7 Rxd7 19. h4 e6 20. Qf4 exd5 21. h5 d4 22. hxg6 fxg6 23. Rxh7+ Kxh7 24. Qxf8 Qxg5+ 25. Kb1 Qh4 26. b3 Re7 27. f4 Re1 1/2-1/2

[Event "Toronto int"]
[Site "Toronto CAN"]
[Date "2000.08.17"]
[Round "3"]
[White "Regnier, Alain"]
[Black "Lamb, Bryan"]
[Result "1/2-1/2"]
[WhiteElo "2179"]
[BlackElo "2200"]
[PlyCount "73"]
[GameId "2160767911652814"]
[EventDate "2000.08.16"]
[EventType "tourn"]
[EventRounds "9"]
[EventCountry "CAN"]

1. e4 c5 2. g3 Nc6 3. Bg2 g6 4. Ne2 Bg7 5. O-O e6 6. c4 Nge7 7. Nbc3 O-O 8. d3 h6 9. Be3 Nd4 10. Qd2 Kh7 11. f4 d6 12. Rab1 Nec6 13. Kh1 Bd7 14. Bg1 a6 15. Nxd4 Nxd4 16. Ne2 Nxe2 17. Qxe2 b5 18. e5 Qb8 19. exd6 Qxd6 20. Bxa8 Rxa8 21. Be3 e5 22. fxe5 Bc6+ 23. Kg1 Qxe5 24. Rf4 g5 25. Rxf7 bxc4 26. Qf2 Kg6 27. Rf1 cxd3 28. Bxc5 Qd5 29. Rxg7+ Kxg7 30. Qd4+ Kg8 31. Qxd5+ Bxd5 32. Rd1 Rc8 33. b4 Bc4 34. Kf2 Re8 35. Re1 Rd8 36. Ke3 Bxa2 37. Kd2 1/2-1/2

[Event "Toronto int"]
[Site "Toronto CAN"]
[Date "2000.08.17"]
[Round "3"]
[White "Vujic, Branimir"]
[Black "Rolfe, Warrick"]
[Result "1-0"]
[WhiteElo "2310"]
[BlackElo "2121"]
[PlyCount "85"]
[GameId "2160767911652815"]
[EventDate "2000.08.16"]
[EventType "tourn"]
[EventRounds "9"]
[EventCountry "CAN"]

1. d4 Nf6 2. Nf3 e6 3. e3 d5 4. c4 Be7 5. Nc3 O-O 6. Bd3 b6 7. O-O dxc4 8. Bxc4 Ba6 9. Qe2 Bxc4 10. Qxc4 Qc8 11. e4 Qb7 12. Bg5 c6 13. Rac1 a5 14. Qb3 Re8 15. e5 Nd5 16. Ne4 f6 17. exf6 gxf6 18. Bh6 Bf8 19. Bxf8 Rxf8 20. Rfe1 Qd7 21. Nc3 b5 22. Nxd5 cxd5 23. Rc5 b4 24. Rec1 a4 25. Qd3 Ra7 26. Nd2 Kh8 27. Nf1 Na6 28. Rc6 Nb8 29. R6c2 a3 30. b3 Na6 31. Qg3 Rg8 32. Qf3 Rf8 33. Qf4 Qe7 34. Ne3 Rd7 35. Ng4 Rf7 36. Rc8+ Rd8 37. R1c6 Rxc8 38. Rxc8+ Rf8 39. Rxf8+ Qxf8 40. Nxf6 Kg7 41. Nh5+ Kg8 42. Qg5+ Kf7 43. Qf6+ 1-0

[Event "Toronto int"]
[Site "Toronto CAN"]
[Date "2000.08.17"]
[Round "3"]
[White "Wight, Keith"]
[Black "Wenaas, Eric"]
[Result "1/2-1/2"]
[WhiteElo "2104"]
[BlackElo "2273"]
[PlyCount "105"]
[GameId "2160767911652816"]
[EventDate "2000.08.16"]
[EventType "tourn"]
[EventRounds "9"]
[EventCountry "CAN"]

1. e4 e5 2. Nf3 Nc6 3. d4 exd4 4. Nxd4 Nf6 5. Nxc6 bxc6 6. e5 Qe7 7. Qe2 Nd5 8. c4 Ba6 9. g3 Nb6 10. b3 O-O-O 11. Bg2 Re8 12. Bb2 f6 13. O-O fxe5 14. Re1 d5 15. Qg4+ Qd7 16. Qxd7+ Kxd7 17. cxd5 cxd5 18. Rxe5 Bc5 19. Nd2 Rxe5 20. Bxe5 Rf8 21. Nf3 g5 22. Rc1 Bd6 23. Bh3+ Ke7 24. Bxd6+ Kxd6 25. Nxg5 h6 26. Ne6 Rf7 27. f4 Bc8 28. Nd8 Rf6 29. Rc6+ Ke7 30. Bxc8 Nxc8 31. Rxf6 Kxf6 32. Nc6 Kf5 33. Kf2 Ke4 34. Ke2 d4 35. f5 Kxf5 36. Nxd4+ Kg4 37. Kf2 Kh3 38. Kg1 Nd6 39. Ne6 c6 40. Nf4+ Kg4 41. Kg2 Ne4 42. h3+ Kf5 43. Ne2 c5 44. Nc1 Nd2 45. Nd3 c4 46. bxc4 Nxc4 47. g4+ Kf6 48. Nc5 a5 49. Kf3 Kg5 50. Kg3 Ne3 51. Ne4+ Kg6 52. h4 Nd5 53. h5+ 1/2-1/2

[Event "Toronto int"]
[Site "Toronto CAN"]
[Date "2000.08.18"]
[Round "4"]
[White "Charlton, Glenn"]
[Black "Ochkoos, Jura"]
[Result "1/2-1/2"]
[WhiteElo "2199"]
[BlackElo "2340"]
[PlyCount "73"]
[GameId "2160767911652818"]
[EventDate "2000.08.16"]
[EventType "tourn"]
[EventRounds "9"]
[EventCountry "CAN"]

1. e4 e5 2. Bb5 c6 3. Ba4 Bc5 4. Nf3 Qe7 5. O-O d6 6. d4 Bb6 7. Nc3 Nf6 8. dxe5 dxe5 9. Nd5 Nxd5 10. exd5 Bc7 11. Re1 O-O 12. Bb3 Kh8 13. Ng5 cxd5 14. Qxd5 Kg8 15. Qe4 g6 16. Qh4 h5 17. Qe4 Kg7 18. Nf3 Nc6 19. Qe3 Rh8 20. Ng5 Nd8 21. Bd2 f6 22. Ne4 Nc6 23. Qc5 Qxc5 24. Nxc5 Nd4 25. f4 Bb6 26. Bb4 Bf5 27. Kh1 Nxb3 28. cxb3 Bxc5 29. Bxc5 Rhe8 30. fxe5 fxe5 31. Rac1 b6 32. Bb4 Rac8 33. Rxc8 Bxc8 34. Bc3 Kf6 35. Kg1 Ba6 36. Kf2 Kf5 37. Rd1 1/2-1/2